Col·lecció diplomàtica de Sant Daniel de Girona (924-1300) / estudi i edició a cura de Josep M. Marquès
Descripción Física:
723 p. ; 24 cm
Colección:
Diplomataris ; 11
MARC
| LEADER | 00000nam a2200000Ia 4500 | ||
|---|---|---|---|
| 001 | 11614 | ||
| 008 | 160829s1997 xx 000 0 cat d | ||
| 080 | |a A-1-126 | ||
| 245 | |a Col·lecció diplomàtica de Sant Daniel de Girona (924-1300) / estudi i edició a cura de Josep M. Marquès | ||
| 260 | |a Barcelona : |b Fundació Noguera, |c 1997 | ||
| 300 | |a 723 p. ; |c 24 cm | ||
| 490 | |a Diplomataris ; 11 | ||
| 650 | |a Monestir de Sant Daniel (Girona) |x Història |x S. X/XIV |x Fonts |9 35633 | ||
| 700 | |a Marquès, Josep M., ed. |9 35634 | ||
| 700 | |a Fundació Noguera |9 70407 | ||
| 901 | |a Arxiu | ||
| 942 | |n 1 | ||
| 952 | |0 0 |1 0 |4 0 |6 A1126 |7 1 |9 47003 |a Arxiu |b Arxiu |d 2016-12-01 |l 0 |o A-1-126 |p 11614 |r 2016-12-01 00:00:00 |w 2016-12-01 |y ARXIU | ||
| 999 | |c 50796 |d 50796 | ||